000 00875nam a2200265Ia 4500
003 OSt
005 20221005111157.0
006 a|||||r|||| 00| 0
007 ta
008 221004b |||||||| |||| 00| 0 hin d
020 _a9789350726129 (hbk)
024 _a27459
037 _bGift, 27/07/2016,
_cTextual
040 _aCRL
_cCRL
_bhin
041 _2hin
_ahin
082 _aO152,3N74x, Q3
100 _aबड़त्या, सूरज
245 0 _aकामरेड का बक्सा
246 _aKāmareḍ kā baksā
260 _aनई दिल्ली
_bवाणी प्रकाशन भारत
_c2013
300 _a104पृ0
_ccm.
650 _aहिन्दी साहित्य
942 _hO152,3N74x, Q3
_cTEXL
_2cc
999 _c1021050
_d1021050